000 00711cam a2200217 4500
001 ABS62540
008 000000n2000 000 0 eng u
035 _a(Sirsi) u106508
100 _aYouens, A.
245 _aComing to terms with the rate of change in 2000
260 _c2000
490 _aProperty Week
_v65(21) 26 May 2000, 80-81(2)
520 _aOverview of the 2000 rating revaluation. Considers the implications for occupiers and landlords. Table of transitional relief rates.
590 _aABS
650 _aRATING REVALUATION 2000
650 _aTRANSITIONAL RELIEF
650 _aNON DOMESTIC RATES
650 _aUNIFORM BUSINESS RATE
690 _aRATING AND LOCAL TAXATION
942 _n0
999 _c63803
_d63803